[Event "Pessoense Master U1900 2nd"]
[Site "Joao Pessoa"]
[Date "2018.07.08"]
[Round "3"]
[White "Baltar, Petrov Ferreira"]
[Black "Arcoverde Neto, Alvaro Vieira"]
[Result "1/2-1/2"]
[WhiteElo "1670"]
[BlackElo "1635"]
[PlyCount "72"]
[EventDate "2018.07.06"]
[EventType "tourn"]
[EventRounds "9"]
[EventCountry "BRA"]
[SourceTitle "EXT 2021"]
[Source "ChessBase"]
[SourceDate "2020.10.23"]
[SourceVersion "1"]
[SourceVersionDate "2020.10.23"]
[SourceQuality "1"]

1. d4 Nf6 2. Nf3 g6 3. Bf4 Bg7 4. e3 0-0 5. Bd3 c5 6. c3 cxd4 7. cxd4 d6 8. h3 Nc6 9. Nbd2 Nd5 10. Bh2 e5 11. Be4 Ndb4 12. a3 d5 13. Bb1 e4 14. axb4 exf3 15. Nxf3 Nxb4 16. 0-0 Nc6 17. Qb3 Na5 18. Qb5 b6 19. Ba2 Bb7 20. Rac1 a6 21. Qb4 Nc6 22. Qb3 Na5 23. Qa3 Rc8 24. Rxc8 Qxc8 25. Qb4 Qd8 26. Rc1 Nc6 27. Qa4 Qd7 28. Qb3 Qd8 29. Kh1 b5 30. Qxd5 Qa5 31. Qd7 Qxa2 32. Qxb7 Nb4 33. Rc8 Qd5 34. Rxf8+ Bxf8 35. Qb8 Nc6 36. Qa8 Nb4 1/2-1/2

[Event "Pessoense Master U1900 2nd"]
[Site "Joao Pessoa"]
[Date "2018.07.07"]
[Round "2"]
[White "De Moura Filho, Eny Nobrega"]
[Black "Arcoverde Neto, Alvaro Vieira"]
[Result "0-1"]
[WhiteElo "1438"]
[BlackElo "1635"]
[PlyCount "60"]
[EventDate "2018.07.06"]
[EventType "tourn"]
[EventRounds "9"]
[EventCountry "BRA"]
[SourceTitle "EXT 2021"]
[Source "ChessBase"]
[SourceDate "2020.10.23"]
[SourceVersion "1"]
[SourceVersionDate "2020.10.23"]
[SourceQuality "1"]

1. Nf3 Nf6 2. g3 d5 3. d3 Bf5 4. Nd4 Bg6 5. c3 e5 6. Qa4+ c6 7. Nf3 Bd6 8. Bg2 0-0 9. Bg5 Nbd7 10. e4 Qb6 11. b4 a5 12. 0-0 axb4 13. Qb3 dxe4 14. Be3 Qa5 15. dxe4 h6 16. Nfd2 Nc5 17. Bxc5 Bxc5 18. Nc4 Qc7 19. Nbd2 bxc3 20. Qxc3 Bd4 21. Qb3 Bxa1 22. Rxa1 Rfd8 23. Qb2 b5 24. Nxe5 Rxd2 25. Qxd2 Qxe5 26. Qe1 Qb2 27. e5 Nd5 28. e6 fxe6 29. Qxe6+ Kh7 30. Re1 Re8 0-1

[Event "Joao Pessoa Fischer Memorial 9th"]
[Site "Joao Pessoa"]
[Date "2018.03.17"]
[Round "4"]
[White "Arcoverde Neto, Alvaro Vieira"]
[Black "Reis, Virginia Lagrange M"]
[Result "0-1"]
[WhiteElo "1800"]
[BlackElo "1743"]
[PlyCount "66"]
[EventDate "2018.03.16"]
[EventType "swiss"]
[EventRounds "6"]
[EventCountry "BRA"]
[SourceTitle "CBM 183 Extra"]
[Source "ChessBase"]
[SourceDate "2018.04.19"]
[SourceVersion "1"]
[SourceVersionDate "2018.04.19"]
[SourceQuality "1"]

1. c4 c5 2. g3 Nc6 3. Bg2 g6 4. Nc3 Bg7 5. Nf3 d6 6. 0-0 Nh6 7. a3 0-0 8. Rb1 Nf5 9. e3 e6 10. b4 Qc7 11. Nb5 Qe7 12. Bb2 e5 13. Ba1 a6 14. Nc3 Be6 15. Qe2 Rab8 16. d3 Qd8 17. Ne4 b6 18. Nfd2 Qc7 19. Nc3 Nce7 20. Qd1 Bd7 21. Ne2 cxb4 22. axb4 b5 23. cxb5 Bxb5 24. Qb3 Qb6 25. Nc4 Bxc4 26. dxc4 Rfc8 27. Rfd1 Rc7 28. e4 Nh6 29. h3 Bf8 30. Nc3 Rcb7 31. b5 axb5 32. cxb5 Nc8 33. Qd5 Qc5 0-1

[Event "IECC CL5-2002.20"]
[Site "IECC email"]
[Date "2002.10.08"]
[Round "?"]
[White "Arcoverde Neto, Alvaro Vieira"]
[Black "Tavani, Alberto"]
[Result "1/2-1/2"]
[WhiteElo "1488"]
[BlackElo "1620"]
[PlyCount "64"]
[EventDate "2002.??.??"]
[EventType "tourn (corr)"]
[EventRounds "4"]
[SourceTitle "Corr 2008"]
[Source "ChessBase"]
[SourceDate "2008.06.24"]
[SourceVersion "1"]
[SourceVersionDate "2008.06.24"]
[SourceQuality "1"]

1. e4 e5 2. Nf3 Nc6 3. d4 exd4 4. Nxd4 Bc5 5. Be3 Qf6 6. c3 Nge7 7. Bc4 Ne5 8. Be2 Qg6 9. 0-0 d6 10. Kh1 0-0 11. Nd2 Ng4 12. Bxg4 Bxg4 13. f3 Bd7 14. N2b3 Bb6 15. Qd2 Rfe8 16. Rfe1 a5 17. Qf2 a4 18. Nd2 d5 19. Nc2 Ba5 20. Rad1 dxe4 21. Nxe4 Be6 22. Nc5 Bxa2 23. Nxb7 Bb3 24. Nxa5 Bxc2 25. Rd2 Rxa5 26. Bc5 Bd3 27. Bxe7 Rd5 28. Bc5 Rxe1+ 29. Qxe1 h6 30. Bf2 Kh7 31. Qd1 Bf1 32. Bd4 Bb5 1/2-1/2

[Event "IECC CL5-2002.20"]
[Site "IECC email"]
[Date "2002.10.08"]
[Round "?"]
[White "Carrillo Muniz, Jose"]
[Black "Arcoverde Neto, Alvaro Vieira"]
[Result "1/2-1/2"]
[WhiteElo "1401"]
[BlackElo "1481"]
[PlyCount "45"]
[EventDate "2002.??.??"]
[EventType "tourn (corr)"]
[EventRounds "4"]
[SourceTitle "Corr 2008"]
[Source "ChessBase"]
[SourceDate "2008.06.24"]
[SourceVersion "1"]
[SourceVersionDate "2008.06.24"]
[SourceQuality "1"]

1. d4 d5 2. Nf3 Nf6 3. Bg5 e6 4. e3 Be7 5. Bd3 0-0 6. 0-0 c5 7. c3 b6 8. Nbd2 Nbd7 9. Re1 Bb7 10. e4 dxe4 11. Nxe4 Bxe4 12. Bxe4 Nxe4 13. Bxe7 Nxc3 14. Bxd8 Nxd1 15. Bxb6 Nxb6 16. Rexd1 cxd4 17. Rxd4 Rac8 18. Rad1 Rc2 19. R4d2 Rxd2 20. Rxd2 h6 21. Ne5 Rc8 22. g3 Nd5 23. Nd3 1/2-1/2